|
|
|
|
| LEADER |
00000cac a2200000 a 4500 |
| 001 |
88588-2 |
| 003 |
Ucuenca |
| 005 |
20240113063609.0 |
| 008 |
000000|1996 ||||||||r|||||||||||spa|| |
| 020 |
|
|
|a 9586005372
|
| 040 |
|
|
|b spa
|
| 041 |
1 |
|
|a spa
|
| 082 |
0 |
|
|a 330
|
| 100 |
1 |
|
|a Azqueta Oyarzun, Diego.
|9 41115
|
| 245 |
|
|
|a Economía y medio ambiente
|c Brry C. Field, Diego Azqueta Oyarzun; trad. Leonardo Cano
|h imp
|n tomo 2
|
| 264 |
|
|
|a Bogotá
|b McGraw-Hill Interamericana
|c 1996
|
| 300 |
|
|
|a xviii; 587 páginas:
|b tab
|c 23.5 cm
|
| 504 |
|
|
|a incl. ref.
|
| 650 |
1 |
|
|a Medio ambiente
|9 351
|
| 650 |
1 |
0 |
|a Economía
|9 2331
|
| 650 |
1 |
|
|a Analisis costo-Beneficio
|9 41009
|
| 650 |
1 |
|
|a Calidad ambiental
|9 36578
|
| 650 |
1 |
0 |
|a Contaminación atmosférica
|9 12461
|
| 650 |
1 |
0 |
|a Desarrollo económico
|9 4373
|
| 650 |
1 |
0 |
|a Economía
|9 2331
|
| 650 |
1 |
0 |
|a Política ambiental
|9 378
|
| 852 |
|
|
|a UC-CDJBV
|f Compra
|l 1
|m General
|p 00000000
|r 2
|t 88588-2
|b 0
|d CDRC
|e CDRC
|g 330 PRIMER PISO
|z 0000-00-00
|
| 942 |
|
|
|c CR
|0 1
|
| 999 |
|
|
|c 26157
|d 26157
|